LIBRARY & INFORMATION CENTRE, KCAET, TAVANUR

ONLINE PUBLIC ACCESS CATALOGUE (OPAC)

Text book of Applied Mechanics / (Record no. 1328)

MARC details
000 -LEADER
fixed length control field 00441cam a2200181ua 4500
041 ## - LANGUAGE CODE
Language code of text/sound track or separate title eng
082 ## - DEWEY DECIMAL CLASSIFICATION NUMBER
Classification number 620.1
Item number NIR/TE
100 ## - MAIN ENTRY--AUTHOR NAME
Personal name Nirvan vyas, .
245 ## - TITLE STATEMENT
Title Text book of Applied Mechanics /
250 ## - EDITION STATEMENT
Edition statement 1 /
260 ## - PUBLICATION, DISTRIBUTION, ETC. (IMPRINT)
Place of publication Bhopal :
Name of publisher J.K.Publishing house ,
Year of publication 1982.
300 ## - PHYSICAL DESCRIPTION
Number of Pages 703 ; .
942 ## - ADDED ENTRY ELEMENTS (KOHA)
Koha item type Books
Holdings
Withdrawn status Lost status Damaged status Home library Current library Date acquired Full call number Accession Number Koha item type
      KAUAET KAUAET 09/03/1987 620.1 NIR/TE 15991 Books
free website counter